Quizzes
Events
Quiz Creation
Community
Videos
Private Events
Remove Ads
Sign In
Join for FREE
Feedback
Dark Mode
Quiz Categories
Sports
Geography
Music
Movies
Television
Just For Fun
Miscellaneous
History
Literature
Language
Science
Gaming
Entertainment
Religion
Holiday
For Kids
Quiz Lab
Recent
Popular Today
Quiz Kudos Today
Editor Picks
Curator Picks
Quizzes by...
Day
Popularity
Type
Ratings
Length
Year
Community
Subscriptions
Recent Discussions
Orange Saloon
Badges
Playlists
Quests
Create
Leaderboards
Showdown
Live 5
Trivia Bingo
Activity
Puzzle Library
Sporcle Events
Private Events
Virtual Trivia
Globe League
Become a Host
Pub Owners
SporcleCon
Opinionation
Our Games
Videos
Blog
Mobile Apps
Partnerships
Remove Ads and Go Orange
Feedback
Sports
Athletes
MLB
NBA
NHL
NFL
Soccer
Sports Teams
WWE
NCAA
Football
Premier League
Basketball
Baseball
Hockey
Golf
Tennis
Cricket
Rugby
Auto Racing
Olympics
World Cup
Sports
Athletes
MLB
NBA
NHL
NFL
Soccer
Sports Teams
WWE
NCAA
Football
Premier League
Basketball
Baseball
Hockey
Golf
Tennis
Cricket
Rugby
Auto Racing
Olympics
World Cup
Random Quiz
Search Sporcle
×
Quiz Lab
Quiz Lab
Sports
Auto Racing
Type in answers that appear in a list
Type in answers that appear in a list
Classic
Best Score? Go Orange.
Top 50 in NASCAR Sprint Cup DNQ's Stats
Can you name the Top 50 in NASCAR Sprint Cup DNQ's?
By
dj88fan
9m
50 Questions
911 Plays
911 Plays
911 Plays
Comments
Comments
Give Quiz Kudos
Give Quiz Kudos
-
- Ratings
hide this ad
More Info
Replay
Link that replays current quiz
Next Quiz
Link to next quiz in quiz playlist
You Got
0%
They Got
Avg Score
32%
Avg Friend Score
Upgrade to see
Score Distribution
Jump to the score distribution portion of the page
Score
0/50
Timer
09:00
0
Plays Today
Rank
Driver
% Correct
32
Michael Waltrip
69.7%
28
Kyle Petty
67.2%
44
Joe Nemechek
65.3%
2.
Derrike Cope
63%
10.
Kenny Wallace
59.6%
7.
Mike Wallace
59.5%
20
Todd Bodine
57.4%
4.
Morgan Shepherd
55.5%
1.
Dave Marcis
54%
5.
Carl Long
48.8%
21
Ward Burton
43.5%
8.
Hermie Sadler
42.9%
37
Mike Skinner
42.8%
6.
Kevin Lepage
41.8%
16.
Kirk Shelmerdine
39.1%
45
John Andretti
39.1%
3.
J.D. McDuffie
39%
47
Buckshot Jones
37.9%
17.
Jeremy Mayfield
37%
25
Dick Trickle
34.9%
31
Rick Mast
34.8%
30
Mike Bliss
34.5%
12.
Hut Stricklin
33.4%
14.
Tony Raines
32.6%
34
Jim Sauter
32.3%
Rank
Driver
% Correct
39
A.J. Allmendinger
32.3%
40
Johnny Sauter
32.3%
19
Greg Sacks
30.8%
42
Bobby Hillin, Jr.
30.4%
49
Chad Little
28.3%
29
Loy Allen, Jr.
26.6%
26
James Hylton
25.8%
41
Steve Grissom
24.5%
23
Jimmy Means
22%
11.
Stanton Barrett
20.5%
38
Norm Benning
20%
18
Rich Bickle
19.2%
15.
Gary Bradberry
17.5%
9.
Delma Cowart
14.1%
50
Ken Bouchard
13%
43
Chad Chaffin
12.1%
27
Brad Teague
11.5%
13.
Billy Standridge
11.2%
33
Ed Berrier
9.9%
36
Mike Garvey
9.9%
48
H.B. Bailey
6.9%
46
Bobby Gerhart
6.7%
35
Jimmy Horton
6.4%
24
Mike Potter
5.7%
22
Mark Stahl
4.8%
Quiz Playlist
Details
Report
Send in Message
Add To Playlist
More Info:
DNQ means Did Not Qualify for the race.
Classic:
Type in answers that appear in a list
Last Updated: Feb 16, 2017
Quiz Scoreboard
CHALLENGE
Sign Up to Join the Scoreboard
Show All
Scores
Hide
Comments
May contain spoilers
Recently Published
NBA Finals Game Top Scorers (2010s)
by flibbidy
Sports
5m
Guess the 'R' Things in 3 Words
by MSUKent
Miscellaneous
3m
Actor to Badly Drawn Movie III
by MoMosMoProblems
Movies
5m
More to Explore
Quiz From the Vault
Featured Blog Post
Where Does Lost Luggage Go?
hide this ad
You Might Also Like...
Tags
Auto Racing Quiz
cup
DNQ
Driver
NASCAR
sprint
Top 50
Today's Top Quizzes in Sports
Browse Sports
hide this ad
Today's Top Quizzes in Auto Racing
Browse Auto Racing
Top Contributed Quizzes in Sports
1
Les joueurs à 100 buts en Ligue 1 Uber Eats
2
2022 World Cup Stars
3
2024 March Madness Bracket
4
Millionaire: NBA Finals Edition
5
Players with Multiple 50 Home Run Seasons
6
Nickname Match: Athletes VI
7
Criteria MLB: Left Handed Sluggers
8
Iconic Moments in Football - Multiple Choice
9
NFL MVPs ordered
10
First NBA MVP by Team
Explore More
Trending Topics
Anime
Disney
Marvel
Crossword
Kpop
NBA
Harry Potter
Soccer
NFL
Pokémon
Country
Puzzle
The Office
Song
WWE
hide this ad
More By:
dj88fan
Quiz
Plays
Rating
Category
Featured
Created
Number 30 WWE Royal Rumble Entrants
5,052
3.67
Sports
Oct 11, 2009
NASCAR Stats for the 2000s
4,816
4.65
Sports
Jan 1, 2010
Number 1 WWE Royal Rumble Entrants
3,661
4.56
Sports
Oct 12, 2009
MVP's WWE PPV Opponents
3,047
4.25
Sports
Dec 17, 2009
Mr. Kennedy's WWE PPV Opponents
2,778
4.27
Sports
Dec 16, 2009
Go to Creator's Profile
Score Distribution
Quiz Creator Spotlight
dj88fan
Follow
Send a Message
Quizzes Created
-
Created Quiz Play Count
-
More By This Creator
Popular Quizzes Today
1
Find the US States - No Outlines Minefield
2
Find the US States
3
The Countries of the World
4
10 Largest US States in Order
5
Find the Countries of Europe - No Outlines Minefield
6
US States
7
Guess the 'R' Things in 3 Words
8
NBA Finals Game Top Scorers (2010s)
More Sports Quizzes
F1 or IndyCar Driver?
Curator's Pick
Trending Quizzes
First Name TV: Leading Men
Match the Book to the Film II
3-Word Movies in 1 Word II
First Name TV: Leading Women Drama
Match the Book to the Film VI
Recently Updated
Women's Final Four Teams by Year
bhenderson79
Presidents Quartet II
eogle
Anything But Clue(do)
eogle
Anything But Oceanian Capitals
eogle
Anything But 7
eogle
Anything But Thing
eogle
Word Ladder: February 29
pecheneg
Song Title Questions
pecheneg
Women's NCAA Tournament #1 Seeds
pecheneg
Celebrity Mug Shots
pecheneg
Trending Topics
Kpop
Disney
NBA
Harry Potter
Anime
Marvel
Crossword
Puzzle
Soccer
The Office
Song
WWE
NFL
Pokémon
Country
Your Account Isn't Verified!
In order to create a playlist on Sporcle, you need to verify the email address you used during registration. Go to your
Sporcle Settings
to finish the process.
Report this User
Report this user for behavior that violates our
Community Guidelines
.
Details:
Send Report
Go to the Sporcle.com Mobile Site →
Comments